Loading...
| Current Events | 3 | 13.33 | 67% | 67% | 0% |
| Fine Arts - Classical Music | 6 | 13.33 | 50% | 17% | 67% |
| Fine Arts - Other | 5 | 12.00 | 40% | 80% | 0% |
| Fine Arts - Painting & Sculpture | 5 | 12.00 | 60% | 20% | 40% |
| Geography | 6 | 10.00 | 33% | 50% | 17% |
| History - American | 10 | 11.00 | 50% | 50% | 10% |
| History - European | 4 | 12.50 | 50% | 0% | 75% |
| History - Other | 12 | 15.00 | 50% | 58% | 42% |
| History - World | 5 | 8.00 | 0% | 20% | 60% |
| Literature - American | 9 | 13.33 | 67% | 44% | 22% |
| Literature - British | 6 | 15.00 | 67% | 67% | 17% |
| Literature - European | 10 | 13.00 | 50% | 20% | 60% |
| Literature - World | 9 | 12.22 | 56% | 33% | 33% |
| Mythology | 5 | 16.00 | 60% | 60% | 40% |
| Other Academic | 4 | 12.50 | 25% | 50% | 50% |
| Philosophy | 7 | 14.29 | 57% | 57% | 29% |
| Religion | 5 | 12.00 | 40% | 60% | 20% |
| Science - Biology | 8 | 12.50 | 50% | 38% | 38% |
| Science - Chemistry | 10 | 12.00 | 30% | 40% | 50% |
| Science - Other | 9 | 11.11 | 33% | 44% | 33% |
| Science - Physics | 5 | 12.00 | 60% | 20% | 40% |
| Social Science | 12 | 15.00 | 33% | 67% | 50% |